01139 2200337 4500001002100000005001500021035002000036007000300056008004100059020002300100040002200123082001200145084001400157090001800171090002100189100002800210245016200238250003600400300006500436650001200501650002100513700002900534850001200563041000800575504003400583264008900617336002100706337003000727338002300757990002100780INLIS00000000084810220190611031356 a0010-0619000057ta190611s2019 yoia g ind  a978-979-8786-776-9 aYOPDYOGbinderda04223a577 a577 LUT d aDEP 577 LUT d aCB-D.11 2019-5030 aLutfi Muta'aliepenulis10aDaya dukung dan daya tampung lingkungan hidup berbasis jasa ekosistem untuk perencanaan lingkungan hidup /cpenulis, Lutfi Muta'ali; editor, Vita Alusia Eris aCetakan Pertama,: Februari 2019 axxiv, 338 halaman :bilustrasi, grafik, tabel, peta ;c21 cm 4aEkologi 4aLingkungan hidup0 aVita Alusia Eriseeditor aYOPDYOG0 aind aBibliografi : halaman 329-33631aYogyakarta :bBadan Penerbit Fakultas Geografi (BPFG) Universitas Gadjah Mada,c2019 2rdacontentateks 2rdamediaatanpa perantara 2rdacarrieravolume aCB-D.11/2019-503